| 000 | 00639nam a2200217 a 4500 | ||
|---|---|---|---|
| 001 | BRL_1648 | ||
| 005 | 20190320211314.0 | ||
| 008 | 210414s1997----mx-a######---#000-0#spa-# | ||
| 020 | _a9683658091 | ||
| 041 | _aspa | ||
| 044 | _amx | ||
| 050 | 4 |
_aNK844 _b.A78 1997 |
|
| 245 | 1 | 0 |
_aArte popular mexicano _bcinco siglos _ccoordinación del catálogo, Olga Sáenz González. |
| 260 |
_aMéxico _bUNAM, Coordinación de Difusión Cultural _c1997 |
||
| 300 |
_a195 p. _bil. _c30 cm. |
||
| 500 | _aAu209 | ||
| 650 | 1 | 4 |
_aArte popular _vExposiciones _zMéxico _91706 |
| 700 | 1 |
_aSáenz González, Olga _94765 |
|
| 902 | _aGRL | ||
| 942 |
_2lcc _cB |
||
| 999 |
_c10457 _d10457 |
||